Y verzus Z
Charakteristika a porovnanie dvoch generácií - generácie Y (narodení v rokoch 1982-2000) a generácie Z (narodení v rokoch 1995-2020).
Salvato in:
| Autore principale: | |
|---|---|
| Natura: | Capitolo di libro |
| Lingua: | slovacco |
| Soggetti: | |
| Tags: |
Nessun Tag, puoi essere il primo ad aggiungerne!!
|
MARC
| LEADER | 00000naa a2200000 4500 | ||
|---|---|---|---|
| 001 | 0214840 | ||
| 005 | 20231013091845.3 | ||
| 041 | 0 | |a slo | |
| 044 | |a SK | ||
| 245 | 1 | 0 | |a Y verzus Z |c Jaroslav Hinšt |
| 520 | |a Charakteristika a porovnanie dvoch generácií - generácie Y (narodení v rokoch 1982-2000) a generácie Z (narodení v rokoch 1995-2020). | ||
| 610 | 2 | 0 | |a generácie |
| 610 | 2 | 0 | |a mládež |
| 610 | 2 | 0 | |a práca |
| 610 | 2 | 0 | |a technológie nové |
| 610 | 2 | 0 | |a technológie informačné |
| 610 | 2 | 0 | |a technológie komunikačné |
| 610 | 2 | 0 | |a angličtina |
| 610 | 2 | 0 | |a kreativita |
| 100 | 1 | |a Hinšt, Jaroslav | |